000
00277nam a2200109Ia 4500
008
200302s9999 xx 000 0 und d
100
_a
Prof. P. J. Shah
245
_a
A Textbook Of Engineering Drawing
260
_b
S. Chand& Company Pvt. Ltd.
260
_c
2012
300
_a
709 P
999
_c
4216
_d
4216